000 00564nam a2200193 i 4500
001 36483
003 ES-MaACL
005 20251003185043.0
007 t|
008 030218s1970 sp ||||1| spa d
100 1 _aBrandt, Willy.
_931356
245 1 0 _aPolítica de paz en Europa /
_cWilly Brandt ; [traducción de Manuel Vázquez].
250 _a[1ª ed.].
260 _aBarcelona :
_bPlaza & Janés,
_c[1970]
300 _a281 p. ;
_c22 cm.
700 1 _aVázquez Tomás, Manuel
_9113375
852 _aES-MaACL
_jC-38266
_bR.74100
999 _c36483
_d36483